000
00284nam a2200121Ia 4500
008
190216s9999||||xx |||||||||||||| ||und||
100
_a
Raman Pillai C V
245
0
_a
Dharmaraja
260
_b
Poorna Pubs Kozhikode
_c
1983
300
_a
370p
650
_a
Malayalam Novel
942
_c
BK
999
_c
25389
_d
25389